000 00554nam a2200193Ia 4500
003 SISC
005 20181203071028.0
008 181126s9999 xx 000 0 und d
020 _a9789710528004
050 _aPL 6222.P5
_b.Ag282 2008
100 _aAguas, Ferdinand
245 _cFerdinand Aguas
_aPinoy dyoksyonaryo:
_bthe completest edition/
260 _aManila :
_bA and S
_c2008
300 _a94 pages :
_billustrated
_c13 cm.
650 _aFilipino language --humor
650 _aPhilippine wit and humor
942 _2lcc
_cBK
999 _c359479
_d359479